Skip to content
VuFind
Login
All Fields
Title
Author
Subject
Call Number
ISBN/ISSN
Tag
Find
Advanced
Parliamentary deebates (Hansar...
Cite this
Text this
Email this
Print
Export Record
Export to RefWorks
Export to EndNoteWeb
Export to EndNote
Export to MARC
Export to BibTeX
Export to RIS
Save to List
Permanent link
Parliamentary deebates (Hansard) 1993: officila report : Vol. 1-8
Saved in:
Bibliographic Details
Main Author:
Sri Lanka . Parliament
Format:
Book
Published:
1993
Subjects:
Debates and debating
Patliamentary debates
Tags:
Add Tag
No Tags, Be the first to tag this record!
Holdings
Description
Comments
Similar Items
Staff View
MARC
LEADER
00000nam a2200000 a 4500
082
|a
328.502
100
|a
Sri Lanka . Parliament
245
|a
Parliamentary deebates (Hansard) 1993: officila report : Vol. 1-8
260
|c
1993
300
|a
lix, 1169p. 29cm.
653
|a
Debates and debating
653
|a
Patliamentary debates
942
|c
AFW
999
|c
155047
|d
155047
Similar Items
Parliamentary debates (Hansard) 1993: officical report: Vol 90 Nos. 1 - 8.
by: Sri Lanka . Parliament
Published: (1993)
Parliamentary debates (Hansard) : official report - Vol.154
by: Sri Lanka . Parliament
Published: (2004)
Parliamentary debates (Hansard) 1993 : official report: Vol.86,no 1
by: Sri Lanka . Parliament
Published: (1993)
Parliamentary debates (Hansard) : official report - Vol.145
by: Sri Lanka . Parliament
Published: (2002)
Parliamentary debates (Hansard) : official report - Vol.146
by: Sri Lanka . Parliament
Published: (2002)